000 00681cam a2200229 4500
001 23235
005 20230410103647.0
008 060907n2003 sp spa
020 _a8449313775
035 _9funglode23402
041 _aspa
050 1 4 _a300 DR 2087
_bI24g 2003
082 0 0 _a949.7103
100 1 _aIgnatieff, Michael,
_d1947-
245 1 0 _aGuerra virtual :
_bmás allá de Kosovo /
_cMichael Ignatieff
260 _aBarcelona :
_bPaidós,
_c2003
300 _a195 p
440 0 _aPaidós historia contemporánea ;
_v009
500 _aTraducido de: Virtual war: Kosovo and beyond.
650 0 _aKosovo (Serbia)
_xHistory
_yCivil War, 1998-
942 _2lcc
_cbk
999 _c23423
_d23423